00552nam a2200217Ia 4500003000400000005001700004008004100021020001300062040001000075082001700085100002300102245006200125250000800187260003600195300002700231500001900258600001500277650001500292942001200307999001500319OSt20251211152059.0240925s9999 xx 000 0 und d a71123504 cAACR2 a658.4038 LAU aLaudon , kenneth C 0aManagement Information Systems: managing the digital firm a9th aNew York:bMc Graw HIllc,2006. aix,205p.bNAfOriginal aIncludes Index aManagement aManagement cBK2ddc c9412d9412